Tovar mierne zlacnel, ľudia aj tak nakupujú menej
Slováci najviac nakupujú potraviny, textil a odevy sú doslova "od macochy". Vyhliadky obchodu a výroby v nasledujúcom období. Najväčšie odevné podniky v roku 2002 a najväčšie textilné podniky v roku 2003. Pokles výdavkov na odevy a obuv. Ekonomické zmeny a ich vplyv na úroveň maloobchodných tržieb....
Na minha lista:
| Autor principal: | |
|---|---|
| Formato: | Capítulo de Livro |
| Idioma: | eslovaco |
| Assuntos: | |
| Tags: |
Sem tags, seja o primeiro a adicionar uma tag!
|
MARC
| LEADER | 00000naa$a2200000$$$4500 | ||
|---|---|---|---|
| 001 | 0003944 | ||
| 005 | 20230920090947.3 | ||
| 041 | 0 | |a slo | |
| 044 | |a SK | ||
| 245 | 1 | 0 | |a Tovar mierne zlacnel, ľudia aj tak nakupujú menej |c aut. Ľudmila Lipianska |
| 520 | |a Slováci najviac nakupujú potraviny, textil a odevy sú doslova "od macochy". Vyhliadky obchodu a výroby v nasledujúcom období. Najväčšie odevné podniky v roku 2002 a najväčšie textilné podniky v roku 2003. Pokles výdavkov na odevy a obuv. Ekonomické zmeny a ich vplyv na úroveň maloobchodných tržieb. Trhoviská a hypermarkety. Sezónnosť a jej vplyv na nákup textilu a odevov v pozitívnom i negatívnom smere. Silná trojka firiem v textilnom a v odevnom priemysle na domácom trhu. Slovenskí výrobcovia a svetové trendy vo výrobe. | ||
| 610 | 2 | 0 | |a obchod |
| 610 | 2 | 0 | |a priemysel textilný |
| 610 | 2 | 0 | |a priemysel odevný |
| 610 | 2 | 0 | |a maloobchod |
| 610 | 2 | 0 | |a hypermarkety |
| 610 | 2 | 0 | |a trh |
| 610 | 2 | 0 | |a firmy |
| 100 | 1 | |a Lipianska, Ľudmila | |